En français 1

Podrobná bibliografia
Hlavní autori: Taišlová, Jitka (Autor), Baranová, Elena, 1945- (Autor), Cluse, Jean-Louis (Autor)
Ďalší autori: Goussé, Jean-Louis (Ilustrátor)
Médium: Kniha
Jazyk:francúzština
Fyzický popis:199 strán ilustrácie 25 cm
Vydavateľské údaje: Bratislava Paris Slovenské pedagogické nakladateľstvo Hachette 2004
ISBN:8010006505
Vydanie:6. vyd.
Predmet:

MARC

LEADER 00000cam a2200000 a 4500
001 vtls001482372
003 SK-MaSNL
005 20260301122232.0
008 220509s2004 xo a crp 00000 fre
015 |a SNBA2004/10-06164 
020 |a 8010006505 
035 |a SNK000437669 
035 |a urn:nbn:sk:snk-am3j39e 
035 |a 807EE086-D0C8-46B7-8B32-E2EC33BFE764 
035 |a urn:nbn:sk:snk-am00ghb5 
040 |a SNK  |b slo  |c SNK  |e AACR2 
041 0 |a fre 
044 |a xo  |c SK 
072 7 |a 811.133.1  |x Francúzština  |2 konspekt 
080 |a 37.016:811.133.1(075.2)  |2 1981 
080 |a 811.133.1  |2 2011 
080 |a (075.2)  |2 2011 
100 1 |a Taišlová, Jitka  |4 aut  |9 47312 
245 1 0 |a En français  |n 1  |c Jitka Taišlová, Elena Baranová, Jean-Louis Cluse ; illustrations: Jean-Louis Goussé 
250 |a 6. vyd. 
260 |a Bratislava  |b Slovenské pedagogické nakladateľstvo  |a Paris  |b Hachette  |c 2004 
300 |a 199 strán  |b ilustrácie  |c 25 cm 
504 |a Obsahuje francúzsko-slovenský slovník 
650 0 7 |a francúzština  |2 SNKPH  |9 1355 
655 7 |a učebnice základných škôl  |2 SNKPH  |9 70187 
700 1 |a Baranová, Elena,  |d 1945-  |4 aut  |9 371101 
700 1 |a Cluse, Jean-Louis  |4 aut  |9 43192 
700 1 |a Goussé, Jean-Louis  |4 ill  |9 43957 
919 |a 80-10-00650-5 
999 |c 732208  |d 734138 
952 |t P60, <03>, [BOOK], {603}  |a SNK  |b SNK  |y PREZ  |7 0  |p 17A0444450  |o snkSC 117450/1  |i snkKSP 12572/2004  |0 0  |1 0  |4 0  |d 2004-09-24  |f 1  |l 0  |r 2025-10-16 00:00:00  |w 2026-02-23 
952 |t P60, <04>, [BOOK], {604}  |a SNK  |b SNK  |y VYP  |7 0  |p 17A0444451  |o snkSC 117450/1 D1  |i snkKSP 12573/2004  |0 0  |1 0  |4 0  |d 2004-09-24  |l 0  |r 2005-01-02 00:00:00  |w 2026-02-23